Système solaire : Planètes - Statistiques

Statistiques générales
  • Ce quiz a été pris 135 fois
  • Le résultat moyen est 8 sur 8
Statistiques - réponses
Distance au soleil (UA) Réponse % Correct
1,00000 Terre
100%
1,52366 Mars
98%
0,72333 Vénus
97%
5,20336 Jupiter
96%
19,1913 Uranus
95%
9,53707 Saturne
94%
0,38710 Mercure
88%
30,0690 Neptune
88%
Aucun quiz correspondant
Distribution des résultats
% des personnes avec chaque résultat
Percentile par nombre de réponses
Votre historique - résultats
Vous n’avez pas pris ce quiz